000 00882nam a2200325Ia 4500
008 170203s9999 xx 000 0 und d
020 _a0-439326524
050 _aFic
050 _bP235j
100 _aPark, Barbara.
245 _aJunie B. Jones is Captain Field Day /
245 _cby Barbara Park ; illustrated by Denise Brunkus.
260 _aNew York :
260 _bScholastic, Inc.,
260 _c2001
300 _a66 pages :
300 _billustrations ;
300 _c21 cm.
500 _a"A Stepping Stone book."
650 _aJones, Junie B. (Fictitious character) --
650 _aKindergarten --
650 _aKindergarten --
650 _aSchools --
650 _aWinning and losing --
650 _xFiction.
650 _xFiction.
650 _xJuvenile fiction.
650 _xJuvenile fiction.
650 _xJuvenile fiction.
999 _c306296
_d306296